00331nam a2200097Ia 4500008004100000041000800041100002600049245008800075260005100163999001900214241105s9999 xx 000 0 und d aeng aPitale Deepal9181647 aLandscape Policy Framework For Conservinmg And Enhancing Public Park Values In Pune bBNCA M Arch Landscape ArchitectureaPunec2023 c362075d362075